000
00236nam a2200097Ia 4500
001
640759
005
20250826153453.0
008
250824s9999 xx 000 0 und d
245
0
_a
MERAKLI BİBER
_c
PHİLİP CARTER
260
_b
GENÇ TİMAŞ
999
_c
640759
_d
640759